| 000 | 01515nam2a2200229 4500 | ||
|---|---|---|---|
| 001 | RU\NLR\BIBL_A\022232599 | ||
| 005 | 20250625165600.0 | ||
| 010 | _a978-5-9756-0188-9 | ||
| 010 | _a5-9756-0188-6 | ||
| 035 | _a(NLR Aleph) 022232599 | ||
| 090 |
_a13135876 _c13135876 |
||
| 100 | _a20240524d2023 |||y0rusy50 ca | ||
| 101 | 0 | _arus | |
| 102 | _aRU | ||
| 200 | 0 | _a№ 11 | |
| 210 |
_d2023 _aБ. м. |
||
| 461 | 0 |
_1001RU\NLR\Per\569515 _12001#$aМавлид ан-Набий$eежегодный научно-культурологический альманах, посвященный празднику рождества Пророка Мухаммада$eежегодный богословский альманах$eсборник статей, посвященный жизни и наследию Пророка Мухаммада$fФонд им. имама Абу-Ханифы и др.$v№ 11 _92680405 _cНижний Новгород _d2007 - _fФонд им. имама Абу-Ханифы и др. _nМедина _oежегодный научно-культурологический альманах, посвященный празднику рождества Пророка Мухаммада : ежегодный богословский альманах : сборник статей, посвященный жизни и наследию Пророка Мухаммада _tМавлид ан-Набий _v№ 11 |
|
| 852 |
_aNLR _jП38/291 |
||
| 942 | _cISSUE | ||
| 980 | _aNB | ||
| 980 | _aRUSPER | ||